Disability and poverty links: a study of persons accessing government institutional rehabilitation services (Record no. 492944)

000 -LEADER
fixed length control field 00502cam a22001337a 4500
008 - FIXED-LENGTH DATA ELEMENTS--GENERAL INFORMATION
fixed length control field 180718b2004 xxu||||| |||| 00| 0 eng d
082 ## - DEWEY DECIMAL CLASSIFICATION NUMBER
Classification number APPPA 2003-04/MOH
100 ## - MAIN ENTRY--PERSONAL NAME
Personal name Mohapatra, C.S.
245 ## - TITLE STATEMENT
Title Disability and poverty links: a study of persons accessing government institutional rehabilitation services
Statement of responsibility, etc. by C.S. Mohapatra
260 ## - PUBLICATION, DISTRIBUTION, ETC.
Place of publication, distribution, etc. New Delhi
Name of publisher, distributor, etc. Indian Institute of Public Administration
Date of publication, distribution, etc. 2004
300 ## - PHYSICAL DESCRIPTION
Extent v.p.
650 ## - SUBJECT ADDED ENTRY--TOPICAL TERM
Topical term or geographic name entry element Rehabilitation - India Disabled persons
650 ## - SUBJECT ADDED ENTRY--TOPICAL TERM
Topical term or geographic name entry element Poverty - India
Holdings
Withdrawn status Lost status Damaged status Not for loan Permanent Location Current Location Date acquired Total Checkouts Full call number Barcode Date last seen Date last checked out Price effective from Koha item type
        Indian Institute of Public Administration Indian Institute of Public Administration 2018-08-04 1 APPPA 2003-04/MOH GR16989 2020-08-11 2019-04-24 2018-08-04 GR

Powered by Koha